Word Ladder: Italian Foods Quiz Stats

 Plays Quiz Updated Apr 17, 2016

Challenge
Share
Tweet
Embed
Score 0/26 Timer 03:00
4 Plays Today
Hint 4-Letter Word % Correct
5,280 feetMILE
97.3%
To go from solid to liquidMELT
96.1%
To store in a folderFILE
96%
InfernoFIRE
95.2%
Not yoursMINE
94.1%
Catholic Church leaderPOPE
92.8%
U.S. territory: Puerto ____RICO
92.8%
Steinbeck work: 'Of ____ and Men'MICE
92.8%
'That '70s Show' actress: ____ KunisMILA
92.5%
Tough situation or British band: ____ StraitsDIRE
92.2%
Sushi roll or burrito ingredientRICE
91%
Nickelodeon's explorerDORA
89.1%
Flag holderPOLE
88.1%
Hint 4-Letter Word % Correct
Geek or nerdDORK
87.6%
Type of evergreenPINE
87.2%
● Apple, in Italian ●● MELA ●
86.4%
Light in colorPALE
86.2%
Benedict or Nowitzki, e. g.DIRK
84.9%
Prefix for -graph or -medicPARA
83.4%
● Bread, in Italian ●● PANE ●
82.6%
● Pepper, in Italian ●● PEPE ●
80.6%
Father, in FrenchPÈRE
76.1%
● Pear, in Italian ●● PERA ●
72.6%
'Mrs. Doubtfire' actress: ____ WilsonMARA
52%
● Blackberry, in Italian ●● MORA ●
50.8%
● Fig, in Italian ●● FICO ●
48.7%

Today's Daily Dose

Word Ladder
Homophones Ate

Quick Pick
RGB Colors

On This Day
August 18th II

You're not logged in!

Compare scores with friends on all Sporcle quizzes.
Join for Free
OR
Log In

You Might Also Like...

Show Comments

Extras

Top Quizzes Today


Score Distribution

Your Account Isn't Verified!

In order to create a playlist on Sporcle, you need to verify the email address you used during registration. Go to your Sporcle Settings to finish the process.

Report this User

Report this user for behavior that violates our Community Guidelines.

Details: